Зоология учебно-методические указания к прохождению учебной практики для студентов первого курса института ветеринарной медицины и биотехнологии по направлению подготовки 36.03.02 зоотехния профиль «технология производства продуктов животноводства (по отдельным отраслям)»
Предназначены для студентов первого курса направления подготовки 36.03.02 Зоотехния. Направление подготовки «Технология производства продуктов животноводства (по отраслям). Методические указания и задания по проведению учебной практики написаны в соответствии с рабочей программой практики и помогут...
Na minha lista:
| Autor principal: | |
|---|---|
| Formato: | Книга |
| Idioma: | Russian |
| Publicado em: |
Брянск
Брянский ГАУ
2022
|
| Acesso em linha: | https://e.lanbook.com/book/304721 https://e.lanbook.com/img/cover/book/304721.jpg |
| Tags: |
Adicionar Tag
Sem tags, seja o primeiro a adicionar uma tag!
|
| LEADER | 01986nam0a2200253 i 4500 | ||
|---|---|---|---|
| 001 | 304721 | ||
| 003 | RuSpLAN | ||
| 005 | 20230131185747.0 | ||
| 008 | 230131s2022 ru gs 000 0 rus | ||
| 040 | |a RuSpLAN | ||
| 041 | 0 | |a rus | |
| 044 | |a ru | ||
| 080 | |a 591 (076) | ||
| 084 | |a 28.6 |2 rubbk | ||
| 245 | 0 | 0 | |a Зоология |b учебно-методические указания к прохождению учебной практики для студентов первого курса института ветеринарной медицины и биотехнологии по направлению подготовки 36.03.02 зоотехния профиль «технология производства продуктов животноводства (по отдельным отраслям)» |c Башина С. И. |
| 260 | |a Брянск |b Брянский ГАУ |c 2022 | ||
| 300 | |a 28 с. | ||
| 504 | |a Библиогр.: доступна в карточке книги, на сайте ЭБС Лань | ||
| 520 | 8 | |a Предназначены для студентов первого курса направления подготовки 36.03.02 Зоотехния. Направление подготовки «Технология производства продуктов животноводства (по отраслям). Методические указания и задания по проведению учебной практики написаны в соответствии с рабочей программой практики и помогут студенту в изучении материала. | |
| 521 | 8 | |a Книга из коллекции Брянский ГАУ - Ветеринария и сельское хозяйство | |
| 100 | 1 | |a Башина С. И. | |
| 856 | 4 | |u https://e.lanbook.com/book/304721 | |
| 856 | 4 | 8 | |u https://e.lanbook.com/img/cover/book/304721.jpg |
| 953 | |a https://e.lanbook.com/img/cover/book/304721.jpg | ||